<?xml version="1.0" encoding="UTF-8"?>
<record
    xmlns:xsi="http://www.w3.org/2001/XMLSchema-instance"
    xsi:schemaLocation="http://www.loc.gov/MARC21/slim http://www.loc.gov/standards/marcxml/schema/MARC21slim.xsd"
    xmlns="http://www.loc.gov/MARC21/slim">

  <leader>01666nam a22002057a 4500</leader>
  <controlfield tag="005">20230714114200.0</controlfield>
  <controlfield tag="008">230713b           ||||| |||| 00| 0 eng d</controlfield>
  <datafield tag="040" ind1=" " ind2=" ">
    <subfield code="c">AL</subfield>
  </datafield>
  <datafield tag="041" ind1=" " ind2=" ">
    <subfield code="a">English</subfield>
  </datafield>
  <datafield tag="082" ind1=" " ind2=" ">
    <subfield code="2">23</subfield>
    <subfield code="a">204.4</subfield>
    <subfield code="b">KWAH</subfield>
  </datafield>
  <datafield tag="100" ind1=" " ind2=" ">
    <subfield code="a">Kwatamani</subfield>
    <subfield code="9">126921</subfield>
  </datafield>
  <datafield tag="245" ind1=" " ind2=" ">
    <subfield code="a">Holistic Living Truth about Supreme Love Book 1: Resurrecting the Divine body of Flesh He and She</subfield>
  </datafield>
  <datafield tag="260" ind1=" " ind2=" ">
    <subfield code="a">Arcadia</subfield>
    <subfield code="b">Kwatamani Holistic Institute of Brain Body and Spiritual Research and Dev Inc</subfield>
    <subfield code="c">2004</subfield>
  </datafield>
  <datafield tag="300" ind1=" " ind2=" ">
    <subfield code="a">379 p.</subfield>
    <subfield code="b">PB</subfield>
    <subfield code="c">21x14 cm.</subfield>
  </datafield>
  <datafield tag="520" ind1=" " ind2=" ">
    <subfield code="a">There is so much misinformation about raw and living foods, so much data, analysis, and expert advice, and massive confusion reigns supreme. What is the source of this confusion? With so many religious and "spiritual" messages, ideas and concepts to fill the consciousness, why is there still so much anxiety, depression, anger, stress, tension, loneliness, apathy, alienation, frustration, and dishonesty clouding relationships with emotional storms and personal upset? How can one tap into one's fullest potential of living? What went wrong in the first place? How does one make complete and divine change in one's existence? What are the divine signs of the time that indicate a planetary energy shift that begins from within, starts with what you eat and continues to expand into your entire mental, physical and spiritual energy system? How can you experience the higher frequencies of life from the Most Supreme Unseen? Clear away the confusion about what you should consume once and for a</subfield>
  </datafield>
  <datafield tag="650" ind1=" " ind2=" ">
    <subfield code="a">Spiritual life</subfield>
    <subfield code="9">126709</subfield>
  </datafield>
  <datafield tag="650" ind1=" " ind2=" ">
    <subfield code="a">Love--Religious aspects</subfield>
    <subfield code="9">126710</subfield>
  </datafield>
  <datafield tag="700" ind1=" " ind2=" ">
    <subfield code="a">KWATAMANI</subfield>
    <subfield code="9">126711</subfield>
  </datafield>
  <datafield tag="942" ind1=" " ind2=" ">
    <subfield code="2">ddc</subfield>
    <subfield code="c">DB</subfield>
  </datafield>
  <datafield tag="999" ind1=" " ind2=" ">
    <subfield code="c">227840</subfield>
    <subfield code="d">227840</subfield>
  </datafield>
  <datafield tag="952" ind1=" " ind2=" ">
    <subfield code="0">0</subfield>
    <subfield code="1">0</subfield>
    <subfield code="2">ddc</subfield>
    <subfield code="4">0</subfield>
    <subfield code="7">0</subfield>
    <subfield code="8">OTH</subfield>
    <subfield code="a">AL</subfield>
    <subfield code="b">AL</subfield>
    <subfield code="d">2023-06-23</subfield>
    <subfield code="l">0</subfield>
    <subfield code="o">204.4 KWAH</subfield>
    <subfield code="p">D05962</subfield>
    <subfield code="r">2023-07-13 00:00:00</subfield>
    <subfield code="w">2023-07-13</subfield>
    <subfield code="y">DB</subfield>
    <subfield code="z">Donated by V.T. Rajshekar</subfield>
  </datafield>
</record>
